Computer peripherals market in Japan'86

Sparad:
Bibliografiska uppgifter
Materialtyp: Bok
Språk:Undetermined
Publicerad: Tokyo Yano Research Institute 1986
Ämnen:
Taggar: Lägg till en tagg
Inga taggar, Lägg till första taggen!
Thư viện lưu trữ: Trung tâm Học liệu Trường Đại học Cần Thơ
LEADER 00452nam a2200157Ia 4500
001 CTU_80897
008 210402s9999 xx 000 0 und d
082 |a 381 
082 |b C738/Vol.1 
245 0 |a Computer peripherals market in Japan'86 
260 |a Tokyo 
260 |b Yano Research Institute 
260 |c 1986 
650 |a Computer peripherals,Market surveys 
904 |i Trọng Hải 
980 |a Trung tâm Học liệu Trường Đại học Cần Thơ